Every Animal in Pixel People - Statistics

General Stats
  • This quiz has been taken 9 times
  • The average score is 83 of 257
Answer Stats
Animal % Correct
Alsatian
75%
Arctic Fox
75%
Belgian Shepherd
75%
Black Mare
75%
Box Cat
75%
Brown Bear
75%
Calico
75%
Chow Chow
75%
Corgi
75%
Drunken Monkey
75%
Flying Fox
75%
Fox
75%
Golden Retriever
75%
Gummy Bear
75%
Horse
75%
Lion
75%
Moose
75%
One Trick Pony
75%
Pizza Rat
75%
Poodle
75%
Pug
75%
Rocket Cat
75%
Sabertooth
75%
Sausage Dog
75%
Shug Monkey
75%
Siamese Cat
75%
Spider Monkey
75%
Tabby Cat
75%
Terrier
75%
Tiger
75%
Tom Cat
75%
Top Dawg
75%
Tuxedo Cat
75%
Beringian Wolf
63%
Bicorn
63%
Black Rhinoceros
63%
Bull
63%
Chicken
63%
Cow
63%
Direwolf
63%
Dolphin
63%
Dragon
63%
Elephant
63%
Honey Bee
63%
Mouse
63%
Oriental Dragon
63%
Peluda
63%
Platypus
63%
Rhinocerous
63%
Sacred Cow
63%
Sha
63%
Snake
63%
Titanoboa
63%
Unicorn
63%
Wasp
63%
Wolf
63%
Wooly Rhinoceros
63%
Wyvern
63%
Alligator
50%
Ant
50%
Black Spider
50%
Butterfly
50%
Camel
50%
Chocolate Rabbit
50%
Crocodile
50%
Eagle
50%
Flamingo
50%
Gazelle
50%
Goat
50%
Harp Seal
50%
King Cobra
50%
Macaw
50%
Monitor Lizard
50%
Panda
50%
Panther
50%
Parrot
50%
Pig
50%
Polar Bear
50%
Rabbit
50%
Reindeer
50%
Scape Goat
50%
Snail
50%
Social Butterfly
50%
Spider
50%
Tarantula
50%
Tsuchigumo
50%
Zebra
50%
Armadillo
38%
Black Sheep
38%
Bleached Hyena
38%
Blue Whale
38%
Cerynitis
38%
Cheetah
38%
Chinstrap Penguin
38%
Clownfish
38%
Cold Turkey
38%
Donkey
38%
Drop Bear
38%
Eurasian Beaver
38%
Feng Huang
38%
Gecko
38%
Giant Anteater
38%
Giraffe
38%
Gorilla
38%
Hippopotamus
38%
Hyena
38%
Kangaroo
38%
Koala
38%
Komodo Dragon
38%
Mousedeer
38%
Mule Deer
38%
Orangutan
38%
Orca
38%
Ostrich
38%
Pelican
38%
Penguin
38%
Phoenix
38%
Policy Hawk
38%
Pygmy Hippo
38%
Ratatoskr
38%
Raven
38%
Sea Lion
38%
Sheep
38%
Squirrel
38%
Stag
38%
Turkey
38%
Vulture
38%
Bat
25%
Beluga Whale
25%
Buffalo
25%
Chimpanzee
25%
Crab
25%
Duck
25%
Electric Eel
25%
Fearful Owl
25%
Golden Goose
25%
Great White Shark
25%
Hippocamp
25%
Humboldt Squid
25%
Mole
25%
Mongoose
25%
Octopus
25%
Opossum
25%
Otter
25%
Owl
25%
Pegasus
25%
Pigeon
25%
Porcupine
25%
Program Bug
25%
Pygmy Owl
25%
Pygmy Possum
25%
Python
25%
Rattlesnake
25%
Red Panda
25%
Scarab
25%
Seahorse
25%
Sphinx
25%
Stag Beetle
25%
Stingray
25%
Tiger Shark
25%
Uchchaihshravas
25%
Wild Boar
25%
Wooly Mammoth
25%
Yeti
25%
Anglerfish
13%
Bluefin Tuna
13%
Carp
13%
Cerberus
13%
Chameleon
13%
Dodo
13%
Gryphon
13%
Hummingbird
13%
Kraken
13%
Ladybird
13%
Lionfish
13%
Llama
13%
Manatee
13%
Mute Swan
13%
Narwhal
13%
Peacock
13%
Piranha
13%
Puffin
13%
Pygmy Marmoset
13%
Quetzalcoatl
13%
Raccoon
13%
Shen
13%
Sperm Whale
13%
Sun Bear
13%
Swallow
13%
Tasmanian Devil
13%
Three Toed Sloth
13%
Toad
13%
Tortoise
13%
Toucan
13%
Ushi Oni
13%
Walrus
13%
Weasel
13%
Whale Shark
13%
Adlet
0%
Afanc
0%
Albatross
0%
Anansi
0%
Aqrabuamelu
0%
Baku
0%
Basking Shark
0%
Behemoth
0%
Bunyip
0%
Buraq
0%
Capricornus
0%
Chamrosh
0%
Chimera
0%
Chupacabra
0%
Cipactli
0%
Cockatrice
0%
Cthulu
0%
Encantado
0%
Field Grasshopper
0%
French Angelfish
0%
Giant Centipede
0%
Halibut
0%
Hammerhead Shark
0%
Hippogryph
0%
Humpback Whale
0%
Hydra
0%
Kelpie
0%
Kirin
0%
Kobalt Kong
0%
Kutabe
0%
Lar Gibbon
0%
Loch Ness Monster
0%
Lovebird
0%
Lusca
0%
Manta Ray
0%
Manticore
0%
Megalodon
0%
Merlion
0%
Mishipeshu
0%
Myrmecoleon
0%
Pangolin
0%
Peryton
0%
Praying Mantis
0%
Raiju
0%
Ramidreju
0%
Sailfish
0%
Scorpion
0%
Shachihoko
0%
Simurgh
0%
Skunk
0%
Snakehead Fish
0%
Sunfish
0%
Taniwha
0%
Tarasque
0%
Taweret
0%
Tengu
0%
Trout
0%
White Bass
0%
Xuan Wu
0%
No matching quizzes found
Score Distribution
Percent of People with Each Score
Percentile by Number Answered
Your Score History
You have not taken this quiz